Analýza poznámok účtovnej závierky podnikateľských subjektov v SR bakalárska práca

Guardado en:
Detalles Bibliográficos
Autor principal: Horváthová, Simona
Autor Corporativo: Fakulta hospodárskej informatiky EU. Katedra účtovníctva a audítorstva
Otros Autores: Meluchová, Jitka, 1965-
Formato: Libro
Lenguaje:eslovaco
Publicado: Bratislava 2022
Etiquetas: Agregar Etiqueta
Sin Etiquetas, Sea el primero en etiquetar este registro!

MARC

LEADER 00000nbm a2200000 4500
001 0286156
005 20230123145122.7
041 0 |a slo 
044 |a SK 
245 1 0 |a Analýza poznámok účtovnej závierky podnikateľských subjektov v SR  |b bakalárska práca  |c Simona Horváthová ; školiteľ: Jitka Meluchová 
264 1 |a Bratislava  |c 2022 
300 |a 57 s. 
100 1 |a Horváthová, Simona 
700 1 |a Meluchová, Jitka, 1965- 
710 2 |a Fakulta hospodárskej informatiky EU. Katedra účtovníctva a audítorstva